000 00682nam a2200241Ia 4500
003 OSt
005 20220925213110.0
006 a|||||r|||| 00| 0
007 ta
008 220923b |||||||| |||| 00| 0 eng d
020 _a0631217283
037 _cGeneral Book
040 _aRTL
_cRTL
_beng
041 _2eng
_aeng
082 _aR14xM48, M4
100 _aFrege Gottlob
_970958
245 0 _aCollected papers on mathematics, logic and philoso
260 _aLondon
_bBlackwell U. K.
_c1984
300 _aviii, 412p
_ccm.
650 _aPhilosophy-Symbolic Logic
_9234482
942 _hR14xM48, M4
_cGB
_2CC
999 _c561997
_d561997